| Tag |
First Indicator |
Second Indicator |
Subfields |
| LEADER |
00000cam a2200000 a 4500 |
| 001 |
in00001408034 |
| 005 |
20151020070149.0 |
| 008 |
951207s1996 paua b 000 1 eng d |
| 010 |
|
|
|a 95083193
|
| 020 |
|
|
|a 1563972379 :
|c $14.95
|
| 035 |
|
|
|a (OCoLC)35668064
|
| 035 |
|
|
|9 AHP8415AM
|
| 040 |
|
|
|a OClCo
|c DLC
|d CXP
|d IQU
|d UtOrBLW
|
| 042 |
|
|
|a lccopycat
|
| 043 |
|
|
|a nw-----
|
| 049 |
|
|
|a TXAG
|
| 050 |
0 |
0 |
|a PZ7.R1272
|b Oae 1996
|
| 082 |
0 |
0 |
|a [E]
|2 21
|
| 100 |
1 |
|
|a Rahaman, Vashanti.
|
| 245 |
1 |
0 |
|a O Christmas tree /
|c by Vashanti Rahaman ; pictures by Frané Lessac.
|
| 250 |
|
|
|a 1st ed.
|
| 264 |
|
1 |
|a Honesdale, Pa. :
|b Boyds Mills Press,
|c [1996]
|
| 264 |
|
4 |
|c ©1996
|
| 300 |
|
|
|a 1 volume (unpaged) :
|b color illustrations ;
|c 24 x 27 cm.
|
| 336 |
|
|
|a text
|b txt
|2 rdacontent
|
| 337 |
|
|
|a unmediated
|b n
|2 rdamedia
|
| 338 |
|
|
|a volume
|b nc
|2 rdacarrier
|
| 520 |
|
|
|a A boy wants an evergreen tree for Christmas in this story set in the West Indies.
|
| 650 |
|
1 |
|a Christmas trees
|x Fiction.
|
| 650 |
|
1 |
|a Christmas
|x Fiction.
|
| 651 |
|
1 |
|a West Indies
|x Fiction.
|
| 650 |
|
0 |
|a Christmas trees
|x Juvenile fiction.
|
| 650 |
|
0 |
|a Christmas stories.
|
| 651 |
|
0 |
|a West Indies
|x Juvenile fiction.
|
| 700 |
1 |
|
|a Lessac, Frané,
|e illustrator.
|
| 999 |
|
|
|a MARS
|
| 999 |
f |
f |
|s eade7338-63ec-3dcd-8f80-a690c389ace2
|i 1b0e3af1-6c9e-33fb-8309-aad4ee8305e5
|t 0
|
| 952 |
f |
f |
|p ric
|a Texas A&M University
|b Rellis Campus
|c Joint Library Facility
|d Remote Storage
|t 0
|e PZ7.R1272 Oae 1996
|h Library of Congress classification
|i unmediated -- volume
|m A14822233537
|
| 998 |
f |
f |
|a PZ7.R1272 Oae 1996
|t 0
|l Remote Storage
|